000 00809nam a2200193 i 4500
001 103229
003 ES-MaACL
005 20230906183312.0
007 t|
008 060202s1871 sp ||||1| fre d
111 2 _aConférence Telégraphique Internationale de Rome (
_d1871.
_cRome)
_9190
245 1 0 _aConférence Telégraphique Internationale de Rome
_b: ... Séance.
260 _a[S.l. :
_bs.n.,
_c1871]
300 _a1 v. (pag. var.) ;
_c29 cm.
500 _aEjemplar sin portada.
505 8 _aContiene: IIe Séance: 20 décembre 1871 -- 15e Séance: 28 décembre 1871 -- 16e Séance: 29 décembre 1871 -- 17e Séance: 30 décembre 1871 -- 18e Séance: 1 janvier 1871 -- 19e Séance: 2 janvier 1872 -- 20e Séance: 8 javier 1872
650 4 _aTelégrafo.
_917430
852 _aES-MaACL
_jT-745-F-3
999 _c103229
_d103229